La recaraba / (Registro nro. 10989)

Detalles MARC
000 -LIDER
fixed length control field 00803nam a2200313 i 4500
001 - NÚMERO DE CONTROL
Identificador de número de control 0000560
003 - IDENTIFICACDOR DE NÚMERO DE CONTROL
control field DO-SdBNP
005 - DATE AND TIME OF LATEST TRANSACTION
control field 20180201141310.0
007 - CAMPOS FIJOS DE DESCRIPCIÓN FÍSICA
fixed length control field 0000560
008 - ELEMENTOS DE LONGITUD FIJA
fixed length control field 921113s1992 sp a | | spa d
016 7# - NO. DE CONTROL DE LA AGENCIA BIB. NACIONAL
Record control number
Canceled/invalid record control number
017 ## - NÚMERO DE REGISTRO DE DERECHOS DE AUTOR
Copyright or legal deposit number
Assigning agency
020 ## - ISBN
International Standard Book Number 843482518X
035 ## - NÚMERO LOCAL
System control number
040 ## - FUENTE DE CATALOGACIÓN
Agencia que crea de manera original el registro BPMSU
Idioma de catalogación spa
Agencia que realiza la transcripción BPMSU
080 #4 - NÚMERO DE CLASIFICACIÓN DECIMAL UNIVERSAL
Universal Decimal Classification number
100 1# - ASIENTO PRINCIPAL -- NOMBRE PERSONAL
Nombre personal Bordons, Paloma
245 13 - MENCIÓN DE TITULO
Título La recaraba /
Mención de responsabilidad Paloma Bordons ; ilustraciones Federico Delicado
Medio (Designación general de material)
250 ## - MENCIÓN DE EDICION
Mención de edición 4a. ed.
260 ## - PUBLICACIÓN, DISTRIBUCIÓN, ETC. (PIE DE IMPRENTA)
Lugar de publicación, distribución, etc Madrid :
Nombre del editor, distribuidor, etc. SM,
Fecha de publicación, distribución, etc 1992.
300 ## - DESCRIPCIÓN FÍSICA
Extensión 120 p. :
Otros detalles físicos il.,
Dimensiones 17 cm.
490 ## - MENCIÓN DE SERIES
Mención de serie Catamarán
Volume/sequential designation 5
521 ## - TARGET AUDIENCE NOTE
Target audience note A partir de los 9 años
700 1# - ASIENTO SECUNDARIO -- NOMBRE PERSONAL
Nombre personal Delicado, Federico
Mención de responsabilidad il.
830 ## - ASIENTO SECUNDARIO DE SERIE--TÍTULO UNIFORME
Nombre de la parte o sección de una obra Catamarán
Volume number/sequential designation 5
942 ## - ADDED ENTRY ELEMENTS (KOHA)
Source of classification or shelving scheme Dewey Decimal Classification
Koha item type Libros
945 ## - INFORMACIÓN DE PROCESAMIENTO LOCAL
Información de procesamiento local Inventariado, 2018/ YL
956 ## - LOCAL ELECTRONIC LOCATION AND ACCESS (OCLC)
Nombre de host YLOCKWARD
Campo enlazado y núm. de secuencia 00151
Número de acceso 10
Información de compresión BPMSU
Existencias
Withdrawn status Lost status Source of classification or shelving scheme Damaged status Not for loan Collection code Home library Current library Date acquired Source of acquisition Total Checkouts Barcode Date last seen Price effective from Koha item type
    Dewey Decimal Classification     Colección Infantil General Biblioteca Pública Metropolitana Salomé Ureña Biblioteca Pública Metropolitana Salomé Ureña 07/20/2016 Sellar   BPMSU16070604 07/20/2016 07/20/2016 Libros